000 00687nam a22002057a 4500
999 _c165642
_d165642
005 20190625165602.0
010 _aENG-125762
020 _a9789387865112
_c880.00
035 _aEN-109294
037 _bDBAD/PUB
082 _a620.5
100 _aSuganthi, A.
245 _aBio synthesis of metal oxide mamoparticle and their potential applications /:
_cby A. Suganthi [and] M. Rajarajan
260 _aChennai
_bForschung Publications
_c2019
270 _aMogappair
_bChennai
_k9626166683
_mforchungpublications@gmail.com
300 _a141p.
_c24cm(pbk)
500 _aIncludes bibliographical references
700 _aRajarajan, M.
942 _2ddc
_cEN
_h620.5
_mSUG